| 000 | 01258cam a22002891i 4500 | ||
|---|---|---|---|
| 003 | SA-RiAUC | ||
| 005 | 20250404141314.0 | ||
| 008 | 250404s1981 le g 00000 ara c | ||
| 040 |
_aSA-RiAUC _bara _cSA-RiAUC _erda |
||
| 043 | _aa-sy--- | ||
| 082 | 0 | 4 | _a371.00956531 |
| 090 |
_a371.00956531 _b م ن ج |
||
| 100 | 1 |
_aالمنجد، صلاح الدين بن عبد الله، _d1920-2010 _eمؤلف. |
|
| 245 | 1 | 0 |
_aتصحيح كتاب الدارس في تاريخ المدارس للنعيمي / _cصلاح الدين المنجد. |
| 250 | _aالطبعة الأولى. | ||
| 264 | 1 |
_aبيروت : _bدار الكتاب الجديد، _c1981 |
|
| 300 |
_a111 صفحة ؛ _c24 سم |
||
| 336 |
_aنص _btxt _2rdacontent _3كتاب |
||
| 337 |
_aبدون وسيط _bn _2rdamedia |
||
| 338 |
_aمجلد _bnc _2rdacarrier |
||
| 650 | 7 |
_aالتعليم الديني الإسلامي _zسوريا _xتاريخ _2aucsh |
|
| 650 | 7 |
_aالمدارس _zسوريا _xتاريخ _2aucsh |
|
| 700 | 1 | 2 |
_aالنعيمي، عبد القادر بن محمد بن عمر، _d845-927 هجري _tالدارس في تاريخ المدارس. |
| 740 | 2 | _aالدارس في تاريخ المدارس. | |
| 942 |
_2ddc _cBOOK _n0 |
||
| 949 |
_aSA-JeALM _d250404 _ueid123 _n1 |
||
| 999 |
_c6700 _d6700 |
||